000 00327 a2200133 4500
005 20251212141823.0
020 _a9789356814585
040 _bEng
082 _a53 GKP
100 _aGKP
245 _aGKP GATE 2026 : Physics - Guide 2250+ MCQs for Practice
260 _aCareer launcher Infrastructure:
_bGKP,
_c2026.
942 _cBK
999 _c5536
_d5531